Stolice świata - nagła śmierć - Statystyki

Ogólne statystyki
  • Ten quiz został rozwiązany 73 razy
  • Średni wynik to 17 z 25
Answers on the Grid
Answers color-coded by a green-red scale on the quiz's grid according to % correct below.
Canberra
Ottawa
Sydney
Toronto
Brasilia
Delhi
Sao Paulo
Dżakarta
Jerozolima
Zurych
Genewa
Bombaj
Naypyidaw
Wellington
Berlin
Buenos Aires
Monachium
Meksyk
Tokio
Szanghaj
Osaka
Kioto
Pekin
Ankara
Bangkok
Aleksandria
Hanoi
Phuket
Seul
Barcelona
Manila
Bogota
Lima
Brno
Malmo
Kair
Santiago
Wiedeń
Helsinki
Budapeszt
 
Statystyki odpowiedzi
Odpowiedź % Poprawnych
Canberra
87%
Ottawa
83%
Brasilia
80%
Tokio
76%
Berlin
74%
Wiedeń
74%
Buenos Aires
72%
Lima
72%
Meksyk
72%
Budapeszt
70%
Helsinki
70%
Bogota
67%
Delhi
67%
Jerozolima
67%
Pekin
67%
Ankara
65%
Bangkok
65%
Dżakarta
65%
Kair
65%
Seul
63%
Manila
61%
Wellington
61%
Hanoi
57%
Santiago
57%
Naypyidaw
52%
Nie znaleziono quizów pasujących do podanych kryteriów
Rozkład punktacji
Procent ludzi z każdym wynikiem
Percentyl według liczby udzielonych odpowiedzi
Twoja historia wyników
Nie rozwiązałeś tego quizu